Aliens (Registro nro. 16671)
[ vista simple ]
| 000 -CABECERA | |
|---|---|
| Campo de control | 00767aasaa2200205 4500 |
| 005 - FECHA Y HORA DE LA ULTIMA TRANSACCION | |
| Campo de control | 20170206122633.0 |
| 008 - ELEMENTOS DE LONGITUD FIJA—INFORMACION GENERAL | |
| Campo de control | 170206b1995 nz u|||er|||| 00| 0 spa d |
| 040 ## - FUENTE DE CATALOGACIÓN | |
| Agencia catalogadora original | CO-BoIAVH |
| Agencia transcriptora | CO-BoIAVH |
| 041 0# - IDIOMA | |
| Código de idioma para texto/pista de sonido o título separado | Inglés |
| 090 ## - CLASIFICACIÓN LOCAL | |
| Colección | SE |
| 245 10 - MENCION DE TITULO | |
| Título | Aliens |
| 260 ## - PUBLICACION, DISTRIBUCION, ETC. (PIE DE IMPRENTA) | |
| Lugar de publicación, distribución, etc. | Auckland (Nueva Zelanda) : |
| Nombre del editor, distribuidor, etc. | Invasive Species Specialist Group of the IUCN, Species Survival Commission, |
| Fecha de publicación, distribución, etc. | 1995. |
| 300 ## - DESCRIPCION FISICA | |
| Otros detalles físicos | ilustraciones ; |
| Dimensiones | 30 x 21 cm. |
| 310 ## - FRECUENCIA ACTUAL DE LA PUBLICACIÓN | |
| Frecuencia actual de la publicación | Semestral |
| 650 16 - ASIENTO SECUNDARIO DE MATERIA - TERMINO TEMATICO | |
| Término temático o nombre geográfico como elemento de entrada | Especies invasivas |
| Subdivisión de forma | Publicaciones seriadas |
| 9 (RLIN) | 78673 |
| 650 26 - ASIENTO SECUNDARIO DE MATERIA - TERMINO TEMATICO | |
| Término temático o nombre geográfico como elemento de entrada | Especies invasivas |
| Subdivisión general | Metodos de control |
| Subdivisión de forma | Publicaciones seriadas |
| 9 (RLIN) | 78674 |
| 650 26 - ASIENTO SECUNDARIO DE MATERIA - TERMINO TEMATICO | |
| Término temático o nombre geográfico como elemento de entrada | Conservación de la diversidad biológica |
| Subdivisión de forma | Publicaciones seriadas |
| 9 (RLIN) | 78675 |
| 710 2# - ASIENTO SECUNDARIO - NOMBRE CORPORATIVO | |
| Nombre corporativo o de jurisdicción como elemento de entrada | The Invasive Species Specialist Group (ISSG) |
| 9 (RLIN) | 78676 |
| 942 ## - ELEMENTOS ADICIONALES (KOHA) | |
| Tipo de ítem | Periodica o revista |
| Sistema de clasificación | Local |
| Serial record | 1 |
| Withdrawn status | Lost status | Sistema de Clasificación | Damaged status | No para préstamo | Colección | Fecha publicación (Año) | Número revista | Inventariado | Ubicación Permanente | Ubicación actual | Fecha de adquisición | Datos de publicación Seriada | Total Checkouts | Número topográfico | Inventario / Código de Barras | Date last seen | Ejemplar | Price effective from | Forma de adquisición | Tipo de material |
|---|---|---|---|---|---|---|---|---|---|---|---|---|---|---|---|---|---|---|---|---|
| Local | Hemeroteca | 1996 | 3 | Inventariado 2017 | Bogotá | Bogotá | 06/02/2017 | Número 3 | SE | 004470 | 06/02/2017 | Ej. 1 | 06/02/2017 | Donación | Periodica o revista | |||||
| Local | Hemeroteca | 1995 | 1 | Inventariado 2017 | Bogotá | Bogotá | 06/02/2017 | Número 1 | SE | 004471 | 06/02/2017 | Ej. 1 | 06/02/2017 | Donación | Periodica o revista |